[Event "Nahariagun op 21st"]
[Site "Nahariagun"]
[Date "2023.10.27"]
[Round "9"]
[White "Neelabh, Jyoti Borthakur"]
[Black "Abhash, Roimya Saikia"]
[Result "1/2-1/2"]
[WhiteElo "1694"]
[BlackElo "1884"]
[PlyCount "34"]
[EventDate "2023.10.21"]
[EventType "swiss"]
[EventRounds "9"]
[EventCountry "IND"]
[SourceTitle "Mega2024 Update 01"]
[Source "Chessbase"]
[SourceDate "2023.11.12"]
[SourceVersion "1"]
[SourceVersionDate "2023.11.12"]
[SourceQuality "1"]

1. Nf3 d5 2. d4 Nf6 3. c4 c6 4. Qc2 g6 5. Bf4 Bf5 6. Qb3 Qb6 7. e3 Na6 8. Be2 Nh5 9. Bg5 Nb4 10. c5 Qa5 11. 0-0 Nc2 12. Qxb7 Rc8 13. Bd3 Rc7 14. Qb8+ Rc8 15. Qb7 Rc7 16. Qb8+ Rc8 17. Qb7 Rc7 1/2-1/2

[Event "Nahariagun op 21st"]
[Site "Nahariagun"]
[Date "2023.10.23"]
[Round "5"]
[White "Ginao, Sharma"]
[Black "Abhash, Roimya Saikia"]
[Result "0-1"]
[WhiteElo "1725"]
[BlackElo "1884"]
[PlyCount "52"]
[EventDate "2023.10.21"]
[EventType "swiss"]
[EventRounds "9"]
[EventCountry "IND"]
[SourceTitle "Mega2024 Update 01"]
[Source "Chessbase"]
[SourceDate "2023.11.12"]
[SourceVersion "1"]
[SourceVersionDate "2023.11.12"]
[SourceQuality "1"]

1. e4 e6 2. d4 d5 3. Nc3 Be7 4. e5 c5 5. Nf3 Nc6 6. dxc5 Bxc5 7. Bd3 a6 8. 0-0 Qc7 9. Bf4 Nge7 10. Bg3 b5 11. Re1 h6 12. Ne2 Bb7 13. c3 Nc8 14. Nf4 Nb6 15. Nh5 0-0-0 16. Nxg7 h5 17. Nh4 d4 18. c4 bxc4 19. Be4 d3 20. Nxh5 Nd4 21. Bxb7+ Qxb7 22. Nf6 Nc2 23. Qd2 Bb4 24. Qf4 Nxe1 25. a3 Rxh4 26. Qd2 Bc5 0-1

[Event "IND-ch U15 47th"]
[Site "New Delhi"]
[Date "2022.12.03"]
[Round "8"]
[White "Abhash, Roimya Saikia"]
[Black "Bagwe, Gaurang"]
[Result "0-1"]
[WhiteElo "1760"]
[BlackElo "1965"]
[PlyCount "108"]
[EventDate "2022.11.28"]
[EventType "swiss"]
[EventRounds "11"]
[EventCountry "IND"]
[SourceTitle "CBM 211 Extra"]
[Source "ChessBase"]
[SourceDate "2023.01.31"]
[SourceVersion "1"]
[SourceVersionDate "2023.01.31"]
[SourceQuality "1"]

1. e4 c5 2. Nc3 Nc6 3. g3 g6 4. Bg2 Bg7 5. d3 e6 6. Be3 d6 7. Qd2 Nd4 8. Nd1 b6 9. c3 Nc6 10. Ne2 Ba6 11. 0-0 Nge7 12. Nc1 d5 13. exd5 Nxd5 14. Bh6 0-0 15. Bxg7 Kxg7 16. Ne3 Nxe3 17. Qxe3 Qd6 18. Bxc6 Qxc6 19. c4 Rad8 20. Ne2 Rd6 21. Nf4 f6 22. Rac1 Bb7 23. f3 Rfd8 24. Rc3 Qd7 25. Rd1 e5 26. Ng2 Rd4 27. Ne1 Qf5 28. Rdc1 R8d7 29. R1c2 h5 30. Rf2 Bc6 31. Re2 g5 32. Rf2 Kg6 33. Re2 Kh7 34. Rf2 Kg7 35. Re2 g4 36. Rf2 gxf3 37. Rd2 h4 38. Kf2 Qh3 39. Nxf3 Bxf3 40. Qxf3 Qxh2+ 41. Ke1 Qxg3+ 42. Qxg3+ hxg3 43. Rg2 Rxd3 44. Rxg3+ Rxg3 45. Rxg3+ Kf7 46. Rh3 Kg6 47. Rg3+ Kf5 48. Rf3+ Ke6 49. Ke2 e4 50. Rh3 Ke5 51. Rh5+ f5 52. Rh8 Rg7 53. Re8+ Kf4 54. Kf2 e3+ 0-1

[Event "IND-ch U15 47th"]
[Site "New Delhi"]
[Date "2022.12.03"]
[Round "9"]
[White "Abhash, Roimya Saikia"]
[Black "Tejas Shah, Jihan"]
[Result "1-0"]
[WhiteElo "1760"]
[BlackElo "1860"]
[PlyCount "77"]
[EventDate "2022.11.28"]
[EventType "swiss"]
[EventRounds "11"]
[EventCountry "IND"]
[SourceTitle "CBM 211 Extra"]
[Source "ChessBase"]
[SourceDate "2023.01.31"]
[SourceVersion "1"]
[SourceVersionDate "2023.01.31"]
[SourceQuality "1"]

1. e4 c5 2. Nc3 Nc6 3. g3 g6 4. Bg2 Bg7 5. d3 Rb8 6. Be3 d6 7. Qd2 Nd4 8. Nce2 Nxe2 9. Nxe2 Bxb2 10. Rb1 Bg7 11. d4 cxd4 12. Bxd4 Nf6 13. e5 Nh5 14. Bxa7 Ra8 15. Bb6 Qd7 16. exd6 Rxa2 17. Bd5 Ra8 18. dxe7 Qxe7 19. Ba5 Bh6 20. f4 Qd7 21. Bb4 Bf8 22. Qe3+ Be7 23. 0-0 Kf8 24. Bxe7+ Qxe7 25. Qxe7+ Kxe7 26. Bxb7 Ra2 27. Nd4 Kf6 28. f5 Ke5 29. c3 g5 30. Bf3 Ng7 31. Rfe1+ Kd6 32. Nb5+ Kc5 33. Re5+ Kb6 34. Nd6+ Kc7 35. Nxc8 Kxc8 36. Rc5+ Kd7 37. Rb7+ Kd6 38. Rc6+ Ke5 39. Rb5# 1-0

[Event "IND-ch U15 47th"]
[Site "New Delhi"]
[Date "2022.12.01"]
[Round "5"]
[White "Raj, Kapoor"]
[Black "Abhash, Roimya Saikia"]
[Result "0-1"]
[WhiteElo "1540"]
[BlackElo "1760"]
[PlyCount "100"]
[EventDate "2022.11.28"]
[EventType "swiss"]
[EventRounds "11"]
[EventCountry "IND"]
[SourceTitle "CBM 211 Extra"]
[Source "ChessBase"]
[SourceDate "2023.01.31"]
[SourceVersion "1"]
[SourceVersionDate "2023.01.31"]
[SourceQuality "1"]

1. d4 d5 2. Bf4 c5 3. e3 Nc6 4. Nf3 Nf6 5. Nbd2 Qb6 6. dxc5 Qb4 7. b3 Qxb3 8. Rb1 Qc3 9. Bb5 g6 10. 0-0 Bg7 11. e4 dxe4 12. Nc4 Nd7 13. Ng5 0-0 14. Nxe4 Qd4 15. Qf3 Nxc5 16. Nxc5 Qxc5 17. Rfd1 Nd4 18. Qe3 a6 19. Ne5 axb5 20. Rxd4 Rxa2 21. Rbd1 Ra4 22. Rd8 Qxe3 23. fxe3 Be6 24. Rxf8+ Bxf8 25. Rd8 Kg7 26. Rb8 g5 27. Bg3 f6 28. Nd3 Bd5 29. Nc5 Ra1+ 30. Kf2 e5 31. Nxb7 Ra2 32. Rc8 Bc4 33. Nc5 Rxc2+ 34. Kg1 Rc1+ 35. Be1 Rxe1+ 36. Kf2 Rf1+ 37. Kg3 Bxc5 38. Rxc5 e4 39. h4 gxh4+ 40. Kh2 Bd3 41. g3 b4 42. gxh4 b3 43. h5 b2 44. h6+ Kg6 45. Kg2 b1Q 46. Rg5+ Kxg5 47. Kg3 Qe1+ 48. Kh3 Qxe3+ 49. Kh2 Rf2+ 50. Kg1 Qe1# 0-1

[Event "IND-ch U14"]
[Site "Ahmedabad"]
[Date "2022.05.11"]
[Round "5"]
[White "Anubhav, Rawat"]
[Black "Abhash, Roimya Saikia"]
[Result "1-0"]
[WhiteElo "1329"]
[BlackElo "1794"]
[PlyCount "95"]
[EventDate "2022.05.09"]
[EventType "swiss"]
[EventRounds "11"]
[EventCountry "IND"]
[SourceTitle "CBM 208 Extra"]
[Source "ChessBase"]
[SourceDate "2022.07.31"]
[SourceVersion "1"]
[SourceVersionDate "2022.07.31"]
[SourceQuality "1"]

1. e4 c6 2. d4 d5 3. exd5 cxd5 4. c4 Nf6 5. Nc3 Nc6 6. Nf3 Bg4 7. cxd5 Nxd5 8. Qb3 Bxf3 9. gxf3 e6 10. Qxb7 Nxd4 11. Bb5+ Nxb5 12. Qc6+ Ke7 13. Qxb5 Nxc3 14. bxc3 Qd5 15. Bg5+ f6 16. Qxd5 exd5 17. Be3 Ke6 18. 0-0 Ba3 19. Rfe1 Kd7 20. Rad1 Kc6 21. Rd3 Bc5 22. Bxc5 Kxc5 23. Re7 Rhe8 24. Rd7 Re5 25. Rc7+ Kb5 26. f4 Rf5 27. Rxg7 Rxf4 28. Rxd5+ Kc4 29. Rdd7 Kxc3 30. Rxa7 Ra4 31. Rxa4 Rxa4 32. Rxh7 Rxa2 33. Rh4 Ra5 34. f3 Re5 35. Kf2 Kd3 36. Rf4 Rh5 37. Kg3 f5 38. Rh4 Rg5+ 39. Kf4 Rg8 40. Rh5 Ke2 41. Rxf5 Rh8 42. Kg3 Rg8+ 43. Kh4 Kf2 44. h3 Rh8+ 45. Kg4 Rg8+ 46. Rg5 Rxg5+ 47. Kxg5 Kxf3 48. h4 1-0